000 03298cam a22002174a 4500
005 20250605164113.0
008 250528s ||||||||||||||||||||||||d
035 _a17967
020 _a9789604187881
040 _aGR-AtMCL
_bgre
_dGR-AtMCL
_eAACR2
245 1 _aΣτρατηγική Εταιρική Κοινωνική Ευθύνη - Strategic Corporate Social Responsibility / Εργαλεία και Θεωρίες για Υπεύθυνη Δήλωση - Tools and Theories for Responsible Management
260 _bΤζιόλα,
_c2018
300 _a414
520 _aΤο βιβλίο βασίζεται στην ιδέα σύμφωνα με την οποία η εταιρική κοινωνική ευθύνη πρέπει να ενσωματώνεται στον στρατηγικό σχεδιασμό και στις κύριες λειτουργίες μιας επιχείρησης, ώστε η διοίκηση της επιχείρησης να ασκείται προς το συμφέρον ενός ευρέος συνόλου ενδιαφερόμενων μερών, με στόχο την επίτευξη της μέγιστης οικονομικής, κοινωνικής και περιβαλλοντολογικής αξίας, μεσοπρόθεσμα και μακροπρόθεσμα. Πρόλογος, Εισαγωγή, Το Σκεπτικό της ΕΚΕ, Ο Μεταβαλλόμενος Κόσμος μας και η Εξέλιξη της ΕΚΕ, Από τις Πυραμίδες της ΕΚΕ στη Διαμοιραζόμενη Αξία και ακόμα Παραπέρα: Υποδείγματα καιΠλαίσιατης ΕΚΕ, Κινούμενοι πέρα από του Μετόχους: Ενδιαφερόμενα Μέρη στο Εσωτερικό και στο Εξωτερικό Περιβάλλον της Επιχείρησης, Προσεγγίσεις και Εφαρμογή της ΕΚΕ, Επιχειρηματική Ηθική: Πώς η Φιλοσοφία μπορεί να μας Βοηθήσει στην Λήψη Ηθικών Αποφάσεων στις Σύγχρονες Επιχειρήσεις, Βιωσιμότητα του Περιβάλλοντος: Ο Ρόλος των Επιχειρήσεων στη Βιώσιμη Ανάπτυξη, Η Υπεύθυνη Ηγεσία ως Πηγή Έμπνευσης για την ΕΚΕ, Όλοι Μαζί: Συμμετοχή των Ενδιαφερόμενων Μέρων στην ΕΚΕ, Εργαλεία Μέτρησης και Επικοινωνίας της ΕΚΕ, Αντίκτυπος της ΕΚΕ: Δημιουργία και Μέτρηση και Επικοινωνία του Αντίκτυπου, Συγκριτική Αξιολόγηση της ΕΚΕ: Πλαίσια και Πρότυπα και Πιστοποιήσεις και Δείκτες, Εκθέσεις Απολογισμού της ΕΚΕ, ΕΚΕ και Μάρκετινγκ: Τα Τρία Θέματα, Πορεία προς τα Εμπρός: Κάνοντας την Αλλαγή, Ευρετήριο.
700 1 _aHaski - Leventhal Debbie
_94261
700 1 _aΘερίου Γεώργιος
_94262
700 1 _aΜανασάκης Κωνσταντίνος
_94263
942 _cBK
999 _c3361
_d3361